000 00998nas a2200325 4500
001 BR2015006747
003 BR-BrBNA
005 20231205125934.0
007 ta
008 230509b bl.|||p| |||| 00| 00por d
040 _aBR-BrBNA
_bpor
_cBiblioteca Nacional de Agricultura
041 _a(En)
072 _aQ52; Q53
100 1 _aSilva, M.S.J. da
100 1 _aJobim, C.C.
100 1 _aPoppi, E.C.
100 1 _aTres, T.T.
100 1 _aOsmari, M.P.
245 1 _aProduction technology and quality of corn silage for feeding dairy cattle in Southern Brazil
650 _aGADO LEITEIRO
650 _aMILHO
650 _aSILAGEM
650 _aQUALIDADE
650 _aMICOTOXINA
650 _aINOCULANTE
773 0 _tRevista Brasileira de Zootecnia (Brazil)
_xISSN 1806-9290
_g(Sep 2015), v. 44(9) p. 303-313
_wBR2015006747
856 4 0 _uhttp://www.scielo.br/pdf/rbz/v44n9/1516-3598-rbz-44-09-00303.pdf
909 _a202311
_bLúcia
_c55
_dLúcia Elande
942 _2AGRIS
_n0
_cANA
999 _c247004
_d247004